000
00229nam a2200097Ia 4500
008
240521s1999 xx 000 0 und d
041
_a
eng
100
_a
PROJ. BY DISHA PB.
245
_a
PUNES LIVING ROOMS VOL-1
260
_c
1999
999
_c
1159112
_d
1159112